| 000 | 00930 a2200217 4500 | ||
|---|---|---|---|
| 001 | 34993 | ||
| 005 | 20260407155635.0 | ||
| 008 | 260407a1976 arg spa d | ||
| 003 | AR-UNSa-BCEJYS | ||
| 040 |
_aAR-UNSa-BCEJYS _bspa _cAR-UNSa-BCEJYS |
||
| 080 |
_a658.014 _xEstructura organizativa. Jerarquización. (Organigrama) |
||
| 245 | 1 | 0 | _aMetodología operativa para el análisis y determinación de estructuras de la organización |
| 264 | 1 |
_aBuenos Aires : _bEl Coloquio _c1976 |
|
| 300 |
_a204 p. _c21 cm. |
||
| 505 | _a1. Teoría de las estructuras - 2. Estructuras típicas - 3. Técnicas de relevamiento - 4. Técnicas operativas para la determinación de estructuras - 5. Técnicas de dibujo y resolución - 6. Manuales - 7. Casos prácticos. | ||
| 942 | _cBK | ||
| 590 | _aniveau_biblio:m niveau_hierar:0 | ||
| 100 | 1 | _aPienovi, Aroldo Adolfo | |
| 700 | 1 | _aRoy Mitchell, Eduardo | |
| 700 | 1 | _aPortela, Carlos Alberto | |
| 999 |
_c2531 _d2531 |
||